000 00341nam a22001217a 4500
999 _c13792
_d13792
020 _a 97811119858348
082 _a006.3
100 _aAlbert Chun Liu ; Oscar Ming Kin Law ; lain Law
245 _aUnderstanding Artificial Intelligence: Fundamentals and Applications
260 _aUS
_bWiley
_c2022
300 _axxii, 201 pages
942 _cBK